[Event "Championnat de France - Open B"]
[Site "Chartres"]
[Date "2005.08.25"]
[Round "9.5"]
[White "Denes, Maxime"]
[Black "Guerande, Pierre-Franck"]
[Result "1/2-1/2"]
[WhiteElo "1950"]
[BlackElo "1890"]
[PlyCount "47"]
[EventDate "2005.??.??"]

1. e4 g6 2. d4 Bg7 3. Nc3 d6 4. Nf3 Nf6 5. Be2 O-O 6. O-O Nbd7 7. Be3 e5 8. Qd2
Re8 9. dxe5 Nxe5 10. Nxe5 dxe5 11. Rad1 Qe7 12. Nd5 Nxd5 13. Qxd5 Bf8 14. Rd2
c6 15. Qa5 c5 16. Bb5 b6 17. Qc3 Rd8 18. Rxd8 Qxd8 19. Bc6 Ba6 20. Re1 Rc8 21.
Bd5 Qc7 22. Qa3 Bb5 23. Qb3 Be8 24. c4 1/2-1/2

[Event "Championnat de France - Open B"]
[Site "Chartres"]
[Date "2005.08.25"]
[Round "9.6"]
[White "Delaire, Eric"]
[Black "Caroll, John"]
[Result "0-1"]
[WhiteElo "1925"]
[BlackElo "1900"]
[PlyCount "124"]
[EventDate "2005.??.??"]

1. e4 c6 2. d4 d5 3. Nc3 dxe4 4. Nxe4 Bf5 5. Ng3 Bg6 6. h4 h6 7. Nf3 Nd7 8. h5
Bh7 9. Bd3 Bxd3 10. Qxd3 e6 11. Bd2 Ngf6 12. O-O-O Be7 13. Qe2 O-O 14. Rhe1 c5
15. dxc5 Bxc5 16. Be3 Qb6 17. Bd4 Rac8 18. Bxc5 Rxc5 19. Nd4 Rfc8 20. Rd2 Re5
21. Qd1 Rxe1 22. Qxe1 Qa5 23. Kb1 Nc5 24. Re2 Qxe1+ 25. Rxe1 Rd8 26. Nf3 Ng4
27. Kc1 Nxf2 28. Ne5 f6 29. Ng6 Rd7 30. Rf1 Nce4 31. Nxe4 Nxe4 32. Rd1 Rxd1+
33. Kxd1 Ng3 34. Ne7+ Kf7 35. Nc8 Nxh5 36. Ke2 Nf4+ 37. Kf3 Nd5 38. Nd6+ Ke7
39. Nxb7 Nb4 40. c3 Nxa2 41. Na5 Kd6 42. Ke3 h5 43. Kd2 g5 44. Nb3 h4 45. Ke3
Ke5 46. Kf3 f5 47. Nd4 Nb4 48. Nb5 g4+ 49. Ke2 Nc6 50. Na3 Ke4 51. Nc4 Kf4 52.
Kf2 e5 53. b4 a6 54. Nd2 e4 55. Nf1 Ne5 56. Ke2 h3 57. g3+ Kg5 58. Ke3 Nf3 59.
c4 Kf6 60. b5 axb5 61. cxb5 Ke6 62. Kf4 h2 0-1

[Event "Championnat de France - Open B"]
[Site "Chartres"]
[Date "2005.08.25"]
[Round "9.7"]
[White "Wojtkowski, Frederic"]
[Black "Charpentier, Denis"]
[Result "1/2-1/2"]
[WhiteElo "1859"]
[BlackElo "1917"]
[PlyCount "68"]
[EventDate "2005.??.??"]

1. e4 c6 2. d4 d5 3. exd5 cxd5 4. Bd3 Nc6 5. c3 e5 6. Ne2 Nf6 7. O-O Bd6 8. Nd2
e4 9. Bc2 Bxh2+ 10. Kh1 Ng4 11. g3 Nxf2+ 12. Rxf2 Bxg3 13. Nxg3 Qh4+ 14. Rh2
Qxg3 15. Qg1 Qxg1+ 16. Kxg1 Bg4 17. Nf1 Bf3 18. Bf4 O-O-O 19. Ne3 g5 20. Be5
Nxe5 21. dxe5 h5 22. Bb3 h4 23. Bxd5 g4 24. Bxf7 g3 25. Rh3 Rd2 26. e6 Re2 27.
e7 Kd7 28. Rxh4 Rc8 29. e8=Q+ Rxe8 30. Bxe8+ Kxe8 31. Nf5 Rg2+ 32. Kf1 Rf2+ 33.
Kg1 Rg2+ 34. Kf1 Rf2+ 1/2-1/2

[Event "Championnat de France - Open B"]
[Site "Chartres"]
[Date "2005.08.25"]
[Round "9.8"]
[White "Vlahovic, Dimitri"]
[Black "Le Clezio, Sylvain"]
[Result "0-1"]
[WhiteElo "1884"]
[BlackElo "1883"]
[PlyCount "112"]
[EventDate "2005.??.??"]

1. e4 d5 2. exd5 Qxd5 3. Nc3 Qa5 4. d4 Nf6 5. Bc4 Bf5 6. Nge2 e6 7. O-O c6 8.
Ng3 Bg6 9. Bb3 Bd6 10. Nce2 O-O 11. c4 Rd8 12. Bd2 Bb4 13. Bxb4 Qxb4 14. a3 Qb6
15. c5 Qc7 16. f4 Nbd7 17. Qc1 Ne4 18. f5 exf5 19. Nxf5 Ndf6 20. Qf4 Qxf4 21.
Ne7+ Kf8 22. Nxg6+ hxg6 23. Rxf4 Rd7 24. Rd1 Re8 25. Bc4 Nxc5 26. Nc3 Ne6 27.
Rh4 Kg8 28. d5 Nxd5 29. Nxd5 cxd5 30. Bb5 Ree7 31. Bxd7 Rxd7 32. Rc1 Kf8 33. b4
a6 34. g3 Ke7 35. Kf1 f5 36. Ke2 Rd8 37. Kd3 Kf6 38. b5 axb5 39. Rb4 Ra8 40.
Rc3 d4 41. Rc1 Rxa3+ 42. Kd2 Rf3 43. Re1 Nc5 44. Rxb5 Ne4+ 45. Ke2 Rf2+ 46. Kd3
Rd2+ 47. Kc4 Nd6+ 48. Kc5 Nxb5 49. Kxb5 Rxh2 50. Kc4 Rg2 51. Kxd4 Rxg3 52. Rb1
Rg4+ 53. Kd3 Re4 54. Rxb7 g5 55. Rb6+ Re6 56. Rb1 g4 0-1

[Event "Championnat de France - Open B"]
[Site "Chartres"]
[Date "2005.08.25"]
[Round "9.9"]
[White "Ferrier, David"]
[Black "Roullois, Jerome"]
[Result "1-0"]
[WhiteElo "1989"]
[BlackElo "1930"]
[PlyCount "119"]
[EventDate "2005.??.??"]

1. f4 b6 2. Nf3 Bb7 3. Nc3 e6 4. e4 c5 5. d3 Nc6 6. Be2 Be7 7. O-O h5 8. f5 e5
9. Nd5 Nd4 10. Nxe5 Nxe2+ 11. Qxe2 Bxd5 12. exd5 d6 13. Nc6 Qd7 14. Re1 Kf8 15.
Qf3 Bf6 16. c3 Ne7 17. Nxe7 Bxe7 18. Bd2 Bf6 19. Re4 Re8 20. Rae1 Rxe4 21. Qxe4
Be7 22. Bf4 Ke8 23. Re3 Kd8 24. Qf3 Bf6 25. Qe4 h4 26. h3 Rh5 27. Bxd6 Rxf5 28.
Bh2 Rxd5 29. c4 Rd6 30. Bxd6 Qxd6 31. Qe8+ Kc7 32. Qxf7+ Qd7 33. Qxd7+ Kxd7 34.
Re2 Kc7 35. Kf2 Kb7 36. Kf3 Ka6 37. g4 hxg3 38. Kxg3 Ka5 39. Rf2 Bd4 40. Re2 b5
41. h4 bxc4 42. dxc4 Kb4 43. Rc2 a5 44. h5 a4 45. Kf4 Bf6 46. Ke4 Bd4 47. Kf5
a3 48. b3 Bc3 49. Ke6 Bd4 50. Kf7 Bb2 51. Rg2 Bd4 52. Rxg7 Bxg7 53. Kxg7 Kc3
54. h6 Kb2 55. h7 Kxa2 56. h8=Q Kxb3 57. Qh3+ Kb2 58. Qh2+ Kb1 59. Qg1+ Kb2 60.
Qxc5 1-0

[Event "Championnat de France - Open B"]
[Site "Chartres"]
[Date "2005.08.25"]
[Round "9.10"]
[White "Levesque, Thomas"]
[Black "Mestdagh, Franck"]
[Result "1-0"]
[WhiteElo "1989"]
[BlackElo "1924"]
[PlyCount "97"]
[EventDate "2005.??.??"]

1. f4 e5 2. fxe5 Nc6 3. Nf3 g5 4. g3 g4 5. Nh4 Nxe5 6. d4 Ng6 7. Nxg6 hxg6 8.
c4 d5 9. Nc3 Bd6 10. Qd3 dxc4 11. Qe4+ Qe7 12. Qxe7+ Nxe7 13. Ne4 Bb4+ 14. Kf2
Be6 15. Nf6+ Kf8 16. e4 c6 17. Be2 Rd8 18. Be3 Kg7 19. d5 cxd5 20. Bd4 dxe4 21.
Nh5+ Kh6 22. Bxh8 Bc5+ 23. Ke1 Rxh8 24. Nf4 Bd7 25. Bxc4 f5 26. a3 Bc6 27. Ne6
Bb6 28. Ke2 e3 29. h3 Bf3+ 30. Kd3 gxh3 31. Rxh3+ Bh5 32. Rah1 Nc6 33. Kc3 Ne5
34. Be2 Rc8+ 35. Kb3 Ng4 36. Nf4 Nf2 37. Rxh5+ gxh5 38. Rxh5+ Kg7 39. Rxf5 Ne4
40. Nh5+ Kg6 41. g4 Rc1 42. Bd3 Nf2 43. Rxf2+ Kg5 44. Rg2 Bd4 45. Bf5 Rf1 46.
Ng3 Rf3 47. Ne2 Be5 48. Ng1 e2+ 49. Nxf3+ 1-0

[Event "Championnat de France - Open B"]
[Site "Chartres"]
[Date "2005.08.25"]
[Round "9.21"]
[White "Penalver, Francois"]
[Black "Pokee, Anne"]
[Result "0-1"]
[WhiteElo "1890"]
[BlackElo "1990"]
[PlyCount "56"]
[EventDate "2005.??.??"]

1. e4 e5 2. Nf3 d6 3. Bc4 Be7 4. Bb3 Nf6 5. d3 O-O 6. c3 Bg4 7. h3 Bh5 8. O-O
c6 9. Bc2 Nbd7 10. Re1 Qc7 11. Nbd2 Rad8 12. Nf1 d5 13. Ng3 Bg6 14. Nh4 Nxe4
15. Nxg6 fxg6 16. dxe4 Qb6 17. Qe2 Bc5 18. Be3 d4 19. cxd4 exd4 20. Qc4+ Kh8
21. Bg5 d3 22. Bxd8 Bxf2+ 23. Kh2 Bxg3+ 24. Kxg3 Qxd8 25. Qxd3 Qc7+ 26. e5 Nxe5
27. Qe4 Nf3+ 28. Kg4 h5# 0-1

[Event "Championnat de France - Open C"]
[Site "Chartres"]
[Date "2005.??.??"]
[Round "9.2"]
[White "Eber, Raoul"]
[Black "Katzahian, Michel"]
[Result "1-0"]
[WhiteElo "1480"]
[BlackElo "1638"]
[PlyCount "101"]
[EventDate "2005.??.??"]

1. e4 e5 2. Nf3 Nc6 3. Bc4 Be7 4. d4 exd4 5. Nxd4 Ne5 6. Bb3 d6 7. O-O Bd7 8.
c3 Bf6 9. f4 Ng6 10. Be3 c5 11. Nf5 Bxf5 12. exf5 N6e7 13. g4 h6 14. Qf3 Qc7
15. Ba4+ Nc6 16. Nd2 Be7 17. Rfe1 Nf6 18. Bf2 O-O 19. g5 hxg5 20. fxg5 Ne5 21.
Qh3 Nh7 22. g6 Nxg6 23. fxg6 fxg6 24. Bb3+ Kh8 25. Bc2 Bg5 26. Bxg6 Bh6 27. Be3
Rf6 28. Qh5 Rg8 29. Ne4 Re6 30. Bxh7 Bxe3+ 31. Rxe3 Rh6 32. Qf5 d5 33. Ng3 Rxh7
34. Rae1 Qd8 35. Qg4 Rh4 36. Qg6 Rh6 37. Qg4 Rh4 38. Qe2 d4 39. cxd4 cxd4 40.
Rd3 Qd7 41. Qe6 Qb5 42. Qb3 Qc6 43. Qe6 Qc7 44. Qe2 Qc6 45. Qg2 Qc4 46. Nf5 g5
47. Rdd1 Qc5 48. Qf3 g4 49. Qe4 Rh7 50. Qxd4+ Qxd4+ 51. Rxd4 1-0

[Event "Championnat de France - Open C"]
[Site "Chartres"]
[Date "2005.??.??"]
[Round "9.3"]
[White "Jorda, Thomas"]
[Black "Mopin, Stephane"]
[Result "1-0"]
[WhiteElo "1700"]
[BlackElo "1700"]
[PlyCount "68"]
[EventDate "2005.??.??"]

1. e4 e5 2. Nf3 Nf6 3. Nxe5 d6 4. Nf3 Nxe4 5. d4 d5 6. Bd3 Nc6 7. O-O Be7 8.
Bf4 O-O 9. Nbd2 f5 10. c3 a5 11. Ne5 Bg5 12. Bxg5 Qxg5 13. Ndf3 Qh6 14. Qb3
Nxe5 15. dxe5 c6 16. c4 Nc5 17. Qa3 Nxd3 18. Qxd3 dxc4 19. Qxc4+ Be6 20. Qc3
Bd5 21. Rfe1 Rfe8 22. Nd4 Qg6 23. Qg3 Qxg3 24. hxg3 Rad8 25. Nxf5 Re6 26. Nd6
b5 27. f4 g6 28. g4 Rf8 29. f5 gxf5 30. gxf5 Rh6 31. Re3 Rh5 32. e6 Rb8 33. e7
Bf7 34. Rg3+ Kh8 1-0

[Event "Championnat de France - Open C"]
[Site "Chartres"]
[Date "2005.??.??"]
[Round "9.4"]
[White "Ababsa, Tufek"]
[Black "Bonnard, Yann"]
[Result "1-0"]
[WhiteElo "1700"]
[BlackElo "1530"]
[PlyCount "63"]
[EventDate "2005.??.??"]

1. e4 e6 2. d3 d5 3. Nd2 c5 4. Ngf3 Nc6 5. g3 Nf6 6. Bg2 Be7 7. O-O O-O 8. e5
Nd7 9. Re1 Qc7 10. Qe2 b6 11. Nf1 Bb7 12. h4 h6 13. Bf4 Rfb8 14. N1h2 a6 15.
Ng4 Bf8 16. h5 b5 17. c3 a5 18. d4 Qb6 19. Rad1 a4 20. a3 b4 21. Qd2 bxa3 22.
bxa3 Na5 23. Nf6+ Nxf6 24. exf6 Nc4 25. Qc1 cxd4 26. fxg7 Bxa3 27. Qc2 Kxg7 28.
Bxb8 Rxb8 29. Nxd4 Bc8 30. Qxa4 Qd6 31. Qc6 Qe7 32. Nf5+ {gloups!!!} 1-0

[Event "Championnat de France - Open C"]
[Site "Chartres"]
[Date "2005.??.??"]
[Round "9.5"]
[White "Trannoy, Arthur"]
[Black "Levier, Jean-Francois"]
[Result "1-0"]
[WhiteElo "1700"]
[BlackElo "1630"]
[PlyCount "100"]
[EventDate "2005.??.??"]

1. d4 Nf6 2. Nc3 d5 3. e4 dxe4 4. f3 exf3 5. Nxf3 e6 6. Bg5 Be7 7. Bd3 O-O 8.
O-O b6 9. Ne5 Bb7 10. Ne2 Nd5 11. Bxe7 Qxe7 12. c3 Ne3 13. Qd2 Nxf1 14. Rxf1 f5
15. Nf4 Rf6 16. Re1 Nd7 17. Bc4 Nxe5 18. Rxe5 Re8 19. Nxe6 Kh8 20. Nxc7 Rff8
21. Rxe7 Rxe7 22. Nd5 Re4 23. Nb4 Rfe8 24. Kf1 f4 25. Bd5 Bxd5 26. Nxd5 h6 27.
Kf2 Rf8 28. Kf3 Re6 29. Nxf4 g5 30. g3 gxf4 31. gxf4 Ref6 32. d5 Kg8 33. c4 Kf7
34. d6 Ke8 35. Qe3+ Kf7 36. Qe7+ Kg8 37. Qe5 R6f7 38. Qe6 Kh8 39. Qxh6+ Kg8 40.
Qe6 Kh7 41. d7 Rxf4+ 42. Kg3 Rf3+ 43. Kg4 R3f4+ 44. Kg5 Rf2 45. Qe7+ Kg8 46.
d8=Q Rg2+ 47. Kh4 Rxh2+ 48. Kg3 Rhf2 49. Qg5+ Kh7 50. Qd3+ R2f5 1-0

[Event "Championnat de France - Vétérans"]
[Site "Chartres"]
[Date "2005.08.25"]
[Round "9.1"]
[White "Molet, Asher"]
[Black "Goldenberg, Richard"]
[Result "0-1"]
[WhiteElo "2007"]
[BlackElo "2305"]
[PlyCount "56"]
[EventDate "2005.??.??"]

1. d4 Nf6 2. Nf3 c5 3. c4 g6 4. Nc3 Bg7 5. e4 cxd4 6. Nxd4 Nc6 7. Be3 Ng4 8.
Qxg4 Nxd4 9. Qd1 Ne6 10. Qd2 Qa5 11. Nd1 Qe5 12. Nc3 b6 13. Be2 Bb7 14. f3 h5
15. O-O g5 16. Rad1 h4 17. b3 d6 18. Nd5 Rc8 19. a4 h3 20. g3 Nd4 21. Rb1 g4
22. Bf4 Qe6 23. fxg4 Qxe4 24. Bd3 Nf3+ 25. Rxf3 Qxf3 26. Re1 Bxd5 27. cxd5 Bd4+
28. Be3 Bxe3+ 0-1

[Event "Championnat de France - Vétérans"]
[Site "Chartres"]
[Date "2005.08.25"]
[Round "9.2"]
[White "Gibson, John"]
[Black "Peyrin, Jean"]
[Result "1/2-1/2"]
[WhiteElo "1950"]
[BlackElo "2059"]
[PlyCount "122"]
[EventDate "2005.??.??"]

1. Nf3 Nf6 2. c4 e6 3. g3 b6 4. Bg2 Bb7 5. O-O Be7 6. d3 O-O 7. Nc3 d5 8. cxd5
Nxd5 9. Nxd5 Bxd5 10. Re1 c5 11. e4 Bb7 12. b3 Nc6 13. Bb2 Rc8 14. d4 cxd4 15.
Nxd4 Nxd4 16. Bxd4 Bb4 17. Re3 Qd7 18. a3 Be7 19. Rd3 Rfd8 20. Qg4 g6 21. Rdd1
Qb5 22. Qf3 Qe8 23. Qe3 Bf8 24. b4 Qa4 25. Qf4 Bg7 26. e5 Bxg2 27. Kxg2 Rd5 28.
Rdc1 Qe8 29. Rxc8 Qxc8 30. Rc1 Qd7 31. Ba1 h5 32. Qc4 Rd1 33. Qc8+ Kh7 34. Qxd7
Rxd7 35. Rc2 g5 36. h3 Kg6 37. Bb2 Kf5 38. Re2 g4 39. f4 gxf3+ 40. Kxf3 Rd3+
41. Kg2 Rd5 42. Rf2+ Kg6 43. Re2 Bh6 44. Kf3 Rd3+ 45. Kf2 b5 46. Rc2 Kf5 47.
Re2 Rd2 48. Rxd2 Bxd2 49. Kf3 a6 50. Ke2 Bh6 51. Kf3 Bf8 52. g4+ hxg4+ 53.
hxg4+ Kg6 54. Bd4 Be7 55. Bc5 Bd8 56. Be3 a5 57. Ke4 axb4 58. axb4 Bc7 59. Bc5
Kg5 60. Bd6 Bb6 61. Bc5 Bc7 1/2-1/2

[Event "Championnat de France - Vétérans"]
[Site "Chartres"]
[Date "2005.08.25"]
[Round "9.3"]
[White "Rosenfeld, Imre"]
[Black "Labarthe, Arnaud"]
[Result "1-0"]
[WhiteElo "2047"]
[BlackElo "2029"]
[PlyCount "124"]
[EventDate "2005.??.??"]

1. d4 Nc6 2. Nf3 d5 3. e3 Bg4 4. Bb5 a6 5. Bxc6+ bxc6 6. c4 f6 7. Nc3 e6 8. Qa4
Qd7 9. Nd2 Nh6 10. O-O Bh5 11. e4 Bf7 12. Re1 Be7 13. Nf3 dxc4 14. Qxc4 O-O 15.
Be3 Ng4 16. Rac1 Nxe3 17. Rxe3 Rfb8 18. Nd1 c5 19. d5 exd5 20. exd5 Rb4 21. Qd3
Bg6 22. Qe2 Bd6 23. Nc3 Re8 24. Rxe8+ Qxe8 25. b3 Qxe2 26. Nxe2 Bh5 27. Kf1 Bg6
28. g3 Be4 29. Nd2 Bxd5 30. Nc4 Be6 31. Ke1 Kf7 32. Kd2 g5 33. f3 Rb8 34. Ke3
Re8 35. Kf2 Bd7 36. Rd1 Bb5 37. Nc3 Bxc4 38. bxc4 Rb8 39. Ne4 Rb2+ 40. Rd2
Rxd2+ 41. Nxd2 f5 42. h3 Kf6 43. Nb3 Be5 44. Na5 Bd4+ 45. Kg2 Ke5 46. Nb3 Kd6
47. Na5 c6 48. g4 f4 49. Kf1 Kc7 50. Ke2 Kb6 51. Nb3 a5 52. a4 Bc3 53. Kd3 Be1
54. Ke4 Kc7 55. Kf5 Kd6 56. Kxg5 Ke5 57. h4 Bc3 58. Kh6 Be1 59. h5 Kf6 60. Kxh7
Kg5 61. Nxc5 Kf6 62. Kg8 Bd2 1-0

[Event "Championnat de France - Vétérans"]
[Site "Chartres"]
[Date "2005.08.25"]
[Round "9.4"]
[White "Robion, Jean-Claude"]
[Black "Leitner, Walter"]
[Result "0-1"]
[WhiteElo "1953"]
[BlackElo "2097"]
[PlyCount "80"]
[EventDate "2005.??.??"]

1. e4 c6 2. d4 d5 3. Nc3 dxe4 4. Nxe4 Nf6 5. Ng3 e5 6. Nf3 exd4 7. Qxd4 Qxd4 8.
Nxd4 Bc5 9. Be3 Nd5 10. Bc4 Nxe3 11. fxe3 O-O 12. O-O Nd7 13. Rf5 Bxd4 14. exd4
Nb6 15. Rc5 Nxc4 16. Rxc4 Rd8 17. c3 Be6 18. Ra4 a5 19. Ne4 b5 20. Ra3 Bd5 21.
Nc5 Re8 22. Kf2 Re7 23. Re1 Rxe1 24. Kxe1 Bxg2 25. Nb7 Bd5 26. Nxa5 g5 27. Kf2
f5 28. c4 bxc4 29. Nxc4 Rxa3 30. Nxa3 Bxa2 31. Nc2 Bd5 32. Ne3 Be4 33. Nc4 f4
34. b4 Kf8 35. Ne5 Ke7 36. Nc4 Ke6 37. Nb6 h5 38. Ke2 g4 39. Kf2 h4 40. Kg1 g3
0-1

[Event "Championnat de France - Vétérans"]
[Site "Chartres"]
[Date "2005.08.25"]
[Round "9.7"]
[White "Mengus, Charles"]
[Black "Renault, Jean-Pierre"]
[Result "1-0"]
[WhiteElo "1885"]
[BlackElo "1955"]
[PlyCount "54"]
[EventDate "2005.??.??"]

1. e4 c5 2. Nc3 Nc6 3. f4 g6 4. Nf3 Bg7 5. Bc4 e6 6. a3 d6 7. O-O Nge7 8. d3
O-O 9. Kh1 a6 10. Qe1 d5 11. Ba2 b6 12. Qh4 Nd4 13. Nxd4 cxd4 14. Ne2 dxe4 15.
dxe4 Bb7 16. f5 exf5 17. Bg5 Re8 18. exf5 Qd6 {#} 19. Bxf7+ Kh8 20. f6 Nf5 21.
fxg7+ Nxg7 22. Bxe8 Rxe8 23. Qf2 Nf5 24. Ng3 Rf8 25. Nxf5 Rxf5 26. Qd2 Be4 27.
Rxf5 Bxf5 1-0

[Event "Championnat de France - Accession"]
[Site "Chartres"]
[Date "2005.08.26"]
[Round "10.1"]
[White "Libiszewski, Fabien"]
[Black "Colin, Vincent"]
[Result "0-1"]
[WhiteElo "2413"]
[BlackElo "2368"]
[PlyCount "132"]
[EventDate "2005.??.??"]

1. e4 e5 2. Nf3 Nc6 3. Bb5 a6 4. Ba4 Nf6 5. O-O b5 6. Bb3 Be7 7. Qe2 d6 8. c3
O-O 9. Rd1 Bg4 10. h3 Bxf3 11. Qxf3 Na5 12. Bc2 c5 13. d3 Nd7 14. Qg4 Kh8 15.
f4 {=} 15... exf4 16. Bxf4 Ne5 17. Qe2 Ng6 18. Be3 d5 19. exd5 Qxd5 20. Nd2
Rae8 21. Qf3 Qe5 22. d4 Qc7 23. Qh5 cxd4 24. Bxd4 Nc6 25. Bf2 Nce5 26. Nf3 f5
27. Bxf5 Rxf5 28. Qxf5 Rf8 29. Qe4 Nxf3+ 30. gxf3 Bc5 31. Bxc5 Qg3+ 32. Kh1
Qxh3+ 33. Kg1 Nh4 34. Rd2 Nxf3+ 35. Qxf3 Qxf3 36. Bxf8 Qxf8 37. Rad1 Qc5+ 38.
Kg2 h6 39. Rd8+ Kh7 40. R1d2 Qc4 41. a3 Qf4 42. R8d4 Qe3 43. Kh1 h5 44. Kh2 g6
45. Rg2 Qe5+ 46. Kg1 Kh6 47. a4 g5 48. axb5 axb5 49. Rgd2 h4 50. R4d3 Kg6 51.
Kg2 Qe4+ 52. Kh2 Qf4+ 53. Kg2 Qe5 54. Rd6+ Kh5 55. R6d3 Qe4+ 56. Kh2 Qf4+ 57.
Kg2 Qe5 58. Kh1 Qf4 59. Kg2 Qf5 60. Kh2 Qf1 61. b3 Qf7 62. c4 b4 63. Rd5 Qf4+
64. Kh1 h3 65. c5 Qf1+ 66. Kh2 Kh6 {et gain des noirs au 77e coup...} 0-1

[Event "Championnat de France - Accession"]
[Site "Chartres"]
[Date "2005.08.26"]
[Round "10.2"]
[White "Gozzoli, Yannick"]
[Black "Dourerassou, Jonathan"]
[Result "1-0"]
[WhiteElo "2444"]
[BlackElo "2358"]
[PlyCount "87"]
[EventDate "2005.??.??"]

1. d4 Nf6 2. c4 g6 3. Nc3 d5 4. cxd5 Nxd5 5. e4 Nxc3 6. bxc3 Bg7 7. Bc4 c5 8.
Ne2 Nc6 9. Be3 O-O 10. O-O Bd7 11. Rb1 a6 12. d5 Ne5 13. Bb3 Qc7 14. f4 Ng4 15.
Bc1 c4 16. Bc2 e5 17. dxe6 fxe6 18. e5 b5 19. Nd4 Nh6 20. g4 Rad8 21. Qe2 Rfe8
22. h4 Bc8 23. Ba3 Bb7 24. Kh2 Rd7 25. Kg3 Qa5 26. Bb4 Qd8 27. Rbd1 a5 28. Ba3
Qb6 29. Bc1 Bd5 30. h5 gxh5 31. g5 h4+ 32. Kxh4 Nf7 33. Qh5 h6 34. gxh6 Qd8+
35. Kh3 Nxh6 36. Rg1 Kf8 37. Ba3+ b4 38. cxb4 Qe7 39. Rg6 axb4 40. Rdg1 bxa3
41. Rxh6 Bxh6 42. Qxh6+ Qg7 43. Rxg7 Rxg7 44. Bg6 1-0

[Event "Championnat de France - Accession"]
[Site "Chartres"]
[Date "2005.08.26"]
[Round "10.3"]
[White "Collas, Didier"]
[Black "Edouard, Romain"]
[Result "1/2-1/2"]
[WhiteElo "2425"]
[BlackElo "2334"]
[PlyCount "96"]
[EventDate "2005.??.??"]

1. Nf3 c5 2. c4 Nc6 3. d4 cxd4 4. Nxd4 g6 5. e4 Nf6 6. Nc3 d6 7. Be2 Nxd4 8.
Qxd4 Bg7 9. Be3 O-O 10. Qd2 Be6 11. Rc1 Qa5 12. f3 Rfc8 13. b3 a6 14. Na4 Qxd2+
15. Kxd2 Nd7 16. g4 f5 17. gxf5 gxf5 18. Rhg1 Kh8 19. Bd3 f4 20. Bf2 Bf7 21.
Nb6 Nxb6 22. Bxb6 Rc6 23. Bf2 b5 24. c5 b4 25. Ke2 Bc3 26. Bh4 Re8 27. cxd6 {=}
27... Rxd6 28. Bg5 e5 29. Rcd1 Bd4 30. Rg4 Rg6 31. Bc4 Bxc4+ 32. bxc4 a5 33.
Bxf4 Rxg4 34. fxg4 Rc8 35. Be3 Rxc4 36. Bxd4 exd4 37. Rd2 Rc3 38. Rxd4 Rh3 39.
Rd2 Kg7 40. Kd1 Kf6 41. Kc1 Ke5 42. Rd5+ Kxe4 43. Rxa5 Rxh2 44. Ra4 Kf3 45.
Rxb4 Rxa2 46. Rb7 h6 47. Rb6 Rh2 48. Rg6 Kf4 1/2-1/2

[Event "Championnat de France - Accession"]
[Site "Chartres"]
[Date "2005.08.26"]
[Round "10.4"]
[White "Onkoud, Abdelaziz"]
[Black "Roos, Louis"]
[Result "1/2-1/2"]
[WhiteElo "2361"]
[BlackElo "2334"]
[PlyCount "114"]
[EventDate "2005.??.??"]

1. g3 e5 2. Bg2 Nf6 3. c4 Nc6 4. Nc3 Bc5 5. e3 d6 6. Nge2 O-O 7. a3 a5 8. b3
Re8 9. d3 Be6 10. Nd5 Bxd5 11. cxd5 Ne7 12. Nc3 Rb8 13. Qc2 b5 14. Ne4 Nxe4 15.
dxe4 c6 16. dxc6 Qb6 17. O-O Rec8 18. Bd2 Rxc6 19. Qd3 b4 20. a4 Qa6 21. Qxa6
Rxa6 22. f4 Rc6 23. Rfc1 Rbc8 24. Kf2 Kf8 25. Ke2 R8c7 26. Kd3 Nc8 27. Rc2 Ba7
28. Rxc6 Rxc6 29. Rc1 Rxc1 30. Bxc1 Nb6 31. Bb2 f6 32. h4 Bb8 33. Bc1 h6 34.
Bh3 Ke7 35. Bd2 Bc7 36. h5 Bb8 37. Bf5 Ke8 38. Be6 Ke7 39. Bg8 Kf8 40. Bd5 Ke7
41. g4 Kd7 42. Ke2 Bc7 43. Be1 Bd8 44. Kf3 Nc8 45. Bh4 Nb6 46. Bg3 Nc8 47. g5
hxg5 48. fxg5 fxg5 49. Kg4 Bf6 50. Kf5 Ne7+ 51. Kg4 Kc7 52. Bc4 Kb6 53. Bf2 Kc5
54. Bg1 Kc6 55. Bf2 Kc5 56. Bg1 Kc6 57. Bf2 Kc5 1/2-1/2

[Event "Championnat de France - Accession"]
[Site "Chartres"]
[Date "2005.08.26"]
[Round "10.5"]
[White "Bergez, Luc"]
[Black "Chernuschevich, Alexei"]
[Result "1/2-1/2"]
[WhiteElo "2353"]
[BlackElo "2530"]
[PlyCount "143"]
[EventDate "2005.??.??"]

1. d4 Nf6 2. c4 e6 3. Nf3 d5 4. Nc3 Be7 5. Bf4 O-O 6. e3 Nbd7 7. h3 c5 8. cxd5
Nxd5 9. Nxd5 exd5 10. Be2 c4 11. O-O b5 12. b3 Bb7 13. bxc4 bxc4 14. Qb1 Bc6
15. Rc1 Ba3 16. Re1 Nb6 17. Qf5 g6 18. Qg4 Bd7 19. Qg3 Bf5 20. Kh2 c3 21. Nh4
Be4 22. f3 Be7 23. Bc7 Bxh4 24. Bxd8 Bxg3+ 25. Kxg3 Rfxd8 26. fxe4 dxe4 27. Ba6
Rd7 28. Rab1 Rc7 29. Rb3 Re8 30. Kf2 Re6 31. Rc1 Kg7 32. Ke2 c2 33. Rb5 Na4 34.
Rb7 Nc3+ 35. Kd2 Nb1+ 36. Ke1 Rc3 37. Be2 Rec6 38. d5 Rd6 39. Rb5 Rxe3 40. Rc5
Rc3 41. Rxc2 Rxc2 42. Rxc2 Rxd5 43. Rc7 Na3 44. Rxa7 Nc2+ 45. Kf1 Rd2 46. a4
Nd4 47. Rd7 e3 48. a5 Rxe2 49. Rxd4 Rf2+ 50. Kg1 Ra2 51. Re4 Ra3 52. g3 f5 53.
Re7+ Kf6 54. Re8 f4 55. gxf4 Kf5 56. Kg2 Kxf4 57. Rf8+ Kg5 58. Re8 Kf6 59. a6
Rxa6 60. Rxe3 Ra4 61. Kg3 g5 62. Rb3 Re4 63. Rb6+ Kf5 64. Rb5+ Kg6 65. Rb6+ Kh5
66. Ra6 Re3+ 67. Kg2 h6 68. Rb6 Re8 69. Kg3 Rg8 70. Ra6 Rg6 71. Rxg6 Kxg6 72.
h4 1/2-1/2

[Event "Championnat de France - Accession"]
[Site "Chartres"]
[Date "2005.08.26"]
[Round "10.6"]
[White "Bijaoui, Manuel"]
[Black "Gharamian, Tigran"]
[Result "1/2-1/2"]
[WhiteElo "2338"]
[BlackElo "2412"]
[PlyCount "41"]
[EventDate "2005.??.??"]

1. e4 e6 2. d4 d5 3. Nd2 Nf6 4. e5 Nfd7 5. Bd3 c5 6. c3 Nc6 7. Ne2 cxd4 8. cxd4
f6 9. exf6 Nxf6 10. Nf3 Bd6 11. O-O O-O 12. Bf4 Bxf4 13. Nxf4 Ne4 14. Qc1 Ng5
15. Nxg5 Qxg5 16. Ne2 Qf6 17. Qe3 Bd7 18. Bb5 Nb8 19. Bd3 Nc6 20. Bb5 Nb8 21.
Bd3 1/2-1/2

[Event "Championnat de France - Accession"]
[Site "Chartres"]
[Date "2005.08.26"]
[Round "10.7"]
[White "Philippe, Christophe"]
[Black "Robin, Samy"]
[Result "1/2-1/2"]
[WhiteElo "2411"]
[BlackElo "2231"]
[PlyCount "98"]
[EventDate "2005.??.??"]

1. e4 e5 2. Nf3 Nc6 3. Bc4 Nf6 4. d3 d5 5. exd5 Nxd5 6. h3 Bc5 7. O-O O-O 8.
Nc3 Be6 9. Ne4 Bb6 10. Nfg5 Bf5 11. c3 Bg6 12. Qf3 Nf6 13. Nxf6+ Qxf6 14. Qg3
h6 15. Ne4 Bxe4 16. dxe4 Ne7 17. a4 a5 18. b3 Ng6 19. Ba3 Rfd8 20. Rad1 Nf4 21.
Qf3 Rxd1 22. Rxd1 Rd8 23. Rxd8+ Qxd8 24. Bc1 Qd6 25. Kh2 Qf6 26. g3 Nh5 27. Kg2
Bc5 28. Qxf6 Nxf6 29. Bd3 Kf8 30. f4 Nd7 31. Kf3 Ke7 32. Bd2 Bb6 33. Bc2 c6 34.
f5 Bc7 35. g4 Bd6 36. h4 f6 37. g5 hxg5 38. hxg5 fxg5 39. Bxg5+ Nf6 40. Bd3 Kd7
41. Bc4 Be7 42. Be3 Kc7 {=} 43. Be6 Bd6 44. Bf2 Be7 45. Bg3 Kd6 46. c4 c5 47.
Bd5 b6 48. Bh2 Bd8 49. Bg3 Bc7 1/2-1/2

[Event "Championnat de France - Accession"]
[Site "Chartres"]
[Date "2005.08.26"]
[Round "10.8"]
[White "Bedouin, Xavier"]
[Black "Prie, Eric"]
[Result "0-1"]
[WhiteElo "2274"]
[BlackElo "2464"]
[PlyCount "106"]
[EventDate "2005.??.??"]

1. e4 d5 2. exd5 Qxd5 3. Nc3 Qa5 4. d4 Nf6 5. Bd2 Bg4 6. f3 Bd7 7. Bc4 Qb6 8.
Nge2 e6 9. O-O Bb4 10. Ne4 Be7 11. Kh1 Bc6 12. Nxf6+ Bxf6 13. Bc3 Bb5 14. Bxb5+
Qxb5 15. d5 Qxd5 16. Qxd5 exd5 17. Bxf6 gxf6 18. Nf4 c6 19. c4 dxc4 20. Rfe1+
Kf8 21. Rad1 Na6 22. Re4 Kg7 23. Rxc4 Rad8 24. Rcd4 Rxd4 25. Rxd4 Re8 26. Kg1
Re1+ 27. Kf2 Rb1 28. Nd3 c5 29. Ra4 Nb4 30. Nxc5 Rxb2+ 31. Kg3 Nc6 32. Nd3 Rd2
33. Nc5 Rb2 34. Nd3 Rb5 35. Kf4 Rg5 36. g4 Rb5 37. h4 Kf8 38. Rc4 Ke7 39. h5
Rd5 40. Rc3 Ra5 41. a3 Kd6 42. Nf2 Rd5 43. Ne4+ Ke7 44. Nc5 Nd8 45. Ke4 Re5+
46. Kd3 b6 47. Ne4 Ne6 48. Ng3 Kd7 49. Kd2 Nc5 50. Nf5 b5 51. Nh6 Re6 52. Nf5
a6 53. Rc1 Nb3+ 0-1